000 00341 a2200157 4500
001 152944
040 _cEscola São Tomás de Aquino
100 _aLIMA, Edy
240 1 0 _aA vaca voadora
_lpor
245 1 0 _aA vaca voadora
300 _a107
362 0 _a2007
440 1 _aGlobal
697 _a*LITERATURA INFANTO JUVENIL
942 _cBK
999 _c152944
_d152944